000
00311nam a22001457a 4500
008
210322b ||||| |||| 00| 0 eng d
020
_a
072168498X
041
_a
eng
080
_a
610.73
082
_a
610.73
100
_a
1
101
_a
INF
245
_a
Basic Nursing
_c
Sorensen, K. C
942
_2
udc
_c
BK
999
_c
56654
_d
56654